| 000 | 00564nam a22001937a 4500 | ||
|---|---|---|---|
| 005 | 20260420160221.0 | ||
| 008 | 260420b |||||||| |||| 00| 0 eng d | ||
| 020 | _a978-81-203-5134-9 | ||
| 050 | _aQD 462 .K86 2025 | ||
| 100 | _aKUNJU, A SALAHUDDIN. | ||
| 245 | _aGROUP THEORY AND ITS APPLICATIONS IN CHEMISTRY | ||
| 250 | _a2ND | ||
| 260 |
_aDELHI, _bPHI LEARNING PRIVATE LIMITED, _c2025 |
||
| 300 | _aXIV, 222 P., ILL | ||
| 500 | _aINCLUDES INDEX. | ||
| 650 | _aGROUP THEORY 2. CHEMISTRY - MATHEMATICS | ||
| 700 | _aKRISHNAN, G. | ||
| 942 |
_2lcc _cBK |
||
| 999 |
_c217029 _d217029 |
||